Les retombés économiques de la Route verte
محفوظ في:
| التنسيق: | Sách giấy |
|---|---|
| منشور في: |
Montréal, Canada :
Université du Québec à Montréal ,
1997
|
| الوسوم: |
إضافة وسم
لا توجد وسوم, كن أول من يضع وسما على هذه التسجيلة!
|
| Thư viện lưu trữ: | Thư viện Trường Đại học Đà Lạt |
|---|
| LEADER | 00543nam a2200229 4500 | ||
|---|---|---|---|
| 001 | DLU020018250 | ||
| 005 | ##7/2/2001 | ||
| 020 | # | # | |a 978- |
| 041 | # | # | |f re |
| 082 | # | # | |a 338.479 1 |b AR-M |
| 245 | # | # | |a Les retombés économiques de la Route verte |
| 260 | # | # | |a Montréal, Canada : |b Université du Québec à Montréal , |c 1997 |
| 300 | # | # | |a 59 tr.; |c 28 cm. |
| 992 | # | # | |a 0 |
| 994 | # | # | |a DLU |
| 900 | # | # | |a False |
| 911 | # | # | |a Administrator |
| 925 | # | # | |a G |
| 926 | # | # | |a A |
| 927 | # | # | |a SH |
| 980 | # | # | |a Thư viện Trường Đại học Đà Lạt |